Estadísticas para Ríos de Andalucía

Haz click aquí para intentar la prueba.

Estadísticas generales

  • Esta prueba ha sido intentada 52 veces
  • La puntuación promedio es 15 de 38

Estadísticas de respuestas

Respuesta% Correcto
Guadalquivir
100%
Guadiana
92%
Genil
68%
Tinto
59%
Guadalete
57%
Guadalhorce
54%
Barbate
51%
Odiel
51%
Darro
49%
Guadaíra
49%
Guadalfeo
49%
Almanzora
43%
Andarax
41%
Guadalimar
41%
Guadalmedina
38%
Piedras
38%
Guadajoz
35%
Guadiaro
35%
Corbones
32%
Guadiamar
32%
Guadiato
32%
Guadalen
30%
Yeguas
30%
Bembézar
27%
Guadalmellato
27%
Jándula
27%
Rivera de Huelva
27%
Viar
27%
Cacín
24%
Guadalteba
24%
Guadiana Menor
24%
Salado de Conil
24%
Cubillas
22%
Salado de Morón
22%
Fardes
19%
Huéznar
19%
Rumblar
16%
Zújar
16%

Distribución de puntuación

Porcentaje por número respondido

Porcentaje de gente con cada puntuación

Historial de tus puntuaciones

No has intentado esta prueba.